Countries Most to Least Population in Order - Map Quiz - Statistics

General Stats
  • This quiz has been taken 41 times
  • The average score is 73 of 196
Answers on the Map
Answers color-coded by a green-red scale on the quiz's map according to % correct below.
 
Answer Stats
Answer % Correct
India 1,476,625,576
100%
China 1,412,914,089
96%
United States 349,035,494
96%
Indonesia 287,886,782
88%
Nigeria 242,431,832
85%
Pakistan 259,299,791
85%
Brazil 213,562,666
81%
Bangladesh 177,818,044
77%
Ethiopia 138,902,185
77%
Japan 122,427,731
77%
Mexico 132,997,658
77%
Russia 143,394,458
77%
DR Congo 116,452,162
73%
Egypt 120,101,175
73%
Iran 93,168,497
73%
Vietnam 102,177,431
73%
Germany 83,644,258
69%
Philippines 117,724,471
69%
Colombia 53,936,226
65%
France 66,746,401
65%
Italy 58,926,166
65%
South Africa 65,453,084
65%
Tanzania 72,563,780
65%
Thailand 71,559,614
65%
Turkey 87,926,082
65%
United Kingdom 69,931,528
65%
Kenya 58,636,412
62%
Myanmar 55,184,819
62%
South Korea 51,600,388
58%
Sudan 53,282,719
58%
Afghanistan 45,047,069
54%
Algeria 48,028,334
54%
Angola 40,215,179
54%
Argentina 46,003,734
54%
Iraq 48,007,437
54%
Saudi Arabia 35,165,787
54%
Spain 47,850,793
54%
Australia 27,227,096
50%
Canada 40,467,728
50%
Morocco 38,762,441
50%
Peru 34,922,148
50%
Poland 37,843,188
50%
Uganda 52,761,469
50%
Ukraine 39,535,849
50%
Venezuela 28,633,711
50%
Cambodia 18,051,219
46%
Cameroon 30,640,817
46%
Chad 21,560,380
46%
Chile 19,945,850
46%
Ecuador 18,444,506
46%
Ghana 35,697,557
46%
Guatemala 18,967,978
46%
Kazakhstan 21,083,626
46%
Malaysia 36,385,115
46%
Mali 25,932,275
46%
Mozambique 36,639,851
46%
Netherlands 18,448,775
46%
Romania 18,800,605
46%
Somalia 20,305,907
46%
Yemen 42,961,653
46%
Zambia 22,521,915
46%
Burkina Faso 24,601,700
42%
Côte d'Ivoire 33,494,346
42%
Madagascar 33,522,052
42%
Malawi 22,785,535
42%
Nepal 29,629,410
42%
Niger 28,814,878
42%
North Korea 26,633,691
42%
Senegal 19,366,548
42%
Sri Lanka 23,348,315
42%
Syria 26,472,497
42%
Taiwan 23,011,292
42%
Uzbekistan 37,724,223
42%
Bolivia 12,749,291
35%
Guinea 15,441,993
35%
Rwanda 14,889,693
35%
Vatican City 506
35%
Zimbabwe 17,273,580
35%
Belarus 8,937,018
31%
Belgium 11,774,642
31%
Benin 15,170,419
31%
Bulgaria 6,667,659
31%
Burundi 14,729,157
31%
Czech Republic 10,527,781
31%
Denmark 6,023,520
31%
Finland 5,621,739
31%
Greece 9,897,115
31%
Haiti 12,037,506
31%
Ireland 5,356,950
31%
Jordan 11,589,532
31%
Laos 7,974,017
31%
Nauru 12,101
31%
Norway 5,652,989
31%
Oman 5,671,458
31%
Paraguay 7,095,279
31%
Portugal 10,395,362
31%
Serbia 6,641,964
31%
South Sudan 12,436,037
31%
Sweden 10,701,047
31%
Tunisia 12,415,138
31%
Tuvalu 9,362
31%
Armenia 2,930,915
27%
Austria 9,107,266
27%
Azerbaijan 10,454,855
27%
Croatia 3,822,345
27%
Dominican Republic 11,609,500
27%
Eritrea 3,682,669
27%
Estonia 1,331,062
27%
Federated States of Micronesia 114,183
27%
Fiji 937,282
27%
Honduras 11,184,760
27%
Hungary 9,585,818
27%
Iceland 402,329
27%
Israel 9,647,689
27%
Kiribati 138,445
27%
Kyrgyzstan 7,400,465
27%
Latvia 1,835,935
27%
Libya 7,539,851
27%
Liechtenstein 40,368
27%
Lithuania 2,797,338
27%
Marshall Islands 35,075
27%
Monaco 38,087
27%
Mongolia 3,556,798
27%
New Zealand 5,287,479
27%
Palau 17,614
27%
Panama 4,625,718
27%
Republic of the Congo 6,637,785
27%
Samoa 220,528
27%
San Marino 33,605
27%
Slovakia 5,451,342
27%
Slovenia 2,114,573
27%
Solomon Islands 858,288
27%
Switzerland 9,007,798
27%
Tajikistan 10,978,599
27%
Tonga 103,291
27%
Turkmenistan 7,736,632
27%
United Arab Emirates 11,574,682
27%
Uruguay 3,382,537
27%
Vanuatu 342,564
27%
Albania 2,751,025
23%
Andorra 83,753
23%
Antigua and Barbuda 94,626
23%
Barbados 282,724
23%
Belize 428,644
23%
Bhutan 802,214
23%
Bosnia and Herzegovina 3,114,242
23%
Central African Republic 5,698,984
23%
Cuba 10,892,659
23%
Dominica 65,511
23%
El Salvador 6,391,253
23%
Georgia 3,804,642
23%
Grenada 117,362
23%
Guyana 840,890
23%
Jamaica 2,833,403
23%
Kosovo 1,588,566
23%
Lebanon 5,897,467
23%
Liberia 5,853,949
23%
Maldives 531,517
23%
Malta 549,011
23%
Mauritania 5,461,319
23%
Moldova 2,961,253
23%
Montenegro 626,233
23%
Nicaragua 7,097,329
23%
Papua New Guinea 10,947,848
23%
Saint Kitts and Nevis 46,992
23%
Saint Lucia 180,488
23%
Saint Vincent and the Grenadines 99,245
23%
Seychelles 134,959
23%
Sierra Leone 8,996,745
23%
Suriname 645,256
23%
Togo 9,930,918
23%
Bahamas 404,628
19%
Botswana 2,603,388
19%
Comoros 899,010
19%
Costa Rica 5,174,789
19%
Cyprus 1,382,334
19%
Djibouti 1,199,459
19%
Equatorial Guinea 1,984,468
19%
Eswatini 1,269,859
19%
Gabon 2,647,399
19%
Gambia 2,884,079
19%
Guinea-Bissau 2,297,808
19%
Lesotho 2,389,336
19%
Luxembourg 687,448
19%
Mauritius 1,265,059
19%
Namibia 3,153,246
19%
North Macedonia 1,804,063
19%
Qatar 3,173,559
19%
São Tomé and Príncipe 244,994
19%
Bahrain 1,675,572
15%
Brunei 469,775
15%
Cape Verde 529,630
15%
Kuwait 5,102,773
15%
Singapore 5,905,748
15%
Timor-Leste 1,436,923
15%
Trinidad and Tobago 1,513,268
15%
No matching quizzes found
Score Distribution
Percent of People with Each Score
Percentile by Number Answered
Your Score History
You have not taken this quiz